Click the Countries on a Borderless Map by their Capitals #1 - Statistics

General Stats
  • This quiz has been taken 46 times
  • The average score is 17 of 20
Answers on the Map
Answers color-coded by a green-red scale on the quiz's map according to % correct below.
 
Answer Stats
Answer % Correct
Seoul
97%
Stockholm
97%
Wellington
97%
Athens
95%
Berlin
95%
Brasilia
95%
Cairo
95%
Buenos Aires
89%
Madrid
89%
Teheran
89%
Pretoria
84%
Dhaka
78%
Kuala Lumpur
78%
Astana
76%
Damascus
76%
Kiev
76%
Sanaa
73%
Nassau
68%
Abuja
62%
Dodoma
57%
No matching quizzes found
Score Distribution
Percent of People with Each Score
Percentile by Number Answered
Your Score History
You have not taken this quiz